Preaching in the Age of Chaucer : Selected Sermons in Translation (Medieval Texts in Translation Series) /
Here are translations of 25 Latin sermons written between 1350 and 1450, demonstrating how preachers constructed them and shaped them to their own purposes. This book contains a general introduction and short historical notes on the individual selections.
| Otros Autores: | |
|---|---|
| Formato: | Electrónico eBook |
| Idioma: | Inglés Latín Middle English |
| Publicado: |
Washington, D.C. :
Catholic University of America Press,
2008.
|
| Colección: | Book collections on Project MUSE.
|
| Temas: | |
| Acceso en línea: | Texto completo |
MARC
| LEADER | 00000cam a22000004a 4500 | ||
|---|---|---|---|
| 001 | musev2_21063 | ||
| 003 | MdBmJHUP | ||
| 005 | 20230905042240.0 | ||
| 006 | m o d | ||
| 007 | cr||||||||nn|n | ||
| 008 | 121105s2008 dcu o 00 0 eng d | ||
| 020 | |a 9780813221038 | ||
| 020 | |z 9780813215297 | ||
| 035 | |a (OCoLC)815970279 | ||
| 040 | |a MdBmJHUP |c MdBmJHUP | ||
| 041 | 1 | |a eng |h lat |h enm | |
| 245 | 0 | 0 | |a Preaching in the Age of Chaucer : |b Selected Sermons in Translation (Medieval Texts in Translation Series) / |c translated by Siegfried Wenzel. |
| 264 | 1 | |a Washington, D.C. : |b Catholic University of America Press, |c 2008. | |
| 264 | 3 | |a Baltimore, Md. : |b Project MUSE, |c 2013 | |
| 264 | 4 | |c ©2008. | |
| 300 | |a 1 online resource (352 pages). | ||
| 336 | |a text |b txt |2 rdacontent | ||
| 337 | |a computer |b c |2 rdamedia | ||
| 338 | |a online resource |b cr |2 rdacarrier | ||
| 490 | 0 | |a Medieval texts in translation | |
| 500 | |a Translated from the Latin and Middle English. | ||
| 505 | 0 | |a Gospel for the Third Sunday of Lent -- Glossa ordinaria on this gospel -- John Felton on the same gospel -- An anonymous sermon on the same gospel -- Another anonymous sermon on the same gospel -- Advent -- Christmas Eve / Nicholas Philip -- Christmas -- Ash Wednesday -- Good Friday -- Easter / Thomas Brinton -- Easter or Corpus christi / John Felton -- Sixth Sunday after Easter / A Wycliffite preacher -- First Sunday after Trinity / John Wyclif -- The Annunciation of the Blessed Virgin Mary / John Dygon -- The assumption of the Blessed Virgin Mary -- Katherine 1 / Richard FitzRalph -- Katherine 2 / Richard FitzRalph -- John the Baptist / John Mirk -- Funeral -- Convocation / Thomas Brinton -- To the clergy -- Visitation of a monastery -- Enclosure of a nun -- Academic sermon/lecture / Frisby. | |
| 520 | |a Here are translations of 25 Latin sermons written between 1350 and 1450, demonstrating how preachers constructed them and shaped them to their own purposes. This book contains a general introduction and short historical notes on the individual selections. | ||
| 546 | |a Translated from the Latin and Middle English. | ||
| 588 | |a Description based on print version record. | ||
| 650 | 7 | |a Sermons, Medieval. |2 fast |0 (OCoLC)fst01113290 | |
| 650 | 7 | |a Sermons, Latin. |2 fast |0 (OCoLC)fst01113283 | |
| 650 | 7 | |a Sermons, English (Middle) |2 fast |0 (OCoLC)fst01113254 | |
| 650 | 7 | |a RELIGION |x Sermons |x Christian. |2 bisacsh | |
| 650 | 6 | |a Sermons medievaux |z Angleterre. | |
| 650 | 0 | |a Sermons, Latin |v Translations into English. | |
| 650 | 0 | |a Sermons, English (Middle) |v Translations into English. | |
| 650 | 0 | |a Sermons, Medieval |z England. | |
| 651 | 7 | |a Engeland. |2 gtt | |
| 651 | 7 | |a England. |2 fast |0 (OCoLC)fst01219920 | |
| 655 | 7 | |a Translations. |2 fast |0 (OCoLC)fst01423791 | |
| 655 | 7 | |a Electronic books. |2 local | |
| 700 | 1 | |a Wenzel, Siegfried, |d 1928- | |
| 710 | 2 | |a Project Muse. |e distributor | |
| 830 | 0 | |a Book collections on Project MUSE. | |
| 856 | 4 | 0 | |z Texto completo |u https://projectmuse.uam.elogim.com/book/21063/ |
| 945 | |a Project MUSE - Custom Collection | ||
| 945 | |a Project MUSE - Archive Complete Supplement | ||
| 945 | |a Project MUSE - Archive Philosophy and Religion Supplement | ||


